Normal view
MARC view
Entry Meeting Name
001 - CONTROL NUMBER
- control field: 7535
003 - CONTROL NUMBER IDENTIFIER
- control field: OSt
005 - DATE AND TIME OF LATEST TRANSACTION
- control field: 20160331145336.0
008 - FIXED-LENGTH DATA ELEMENTS
- fixed length control field: 160331|| aca||aabn | a|a d
040 ## - CATALOGING SOURCE
- Original cataloging agency: OSt
- Transcribing agency: OSt
111 ## - HEADING--MEETING NAME
- Meeting name or jurisdiction name as entry element: UNU Global Environmental Forum
- Number of part/section/meeting: (4th :
- Date of meeting: 1995 :
- Location of meeting: Osada, Japan)
670 ## - SOURCE DATA FOUND
- Source citation: Work cat.: (OSt)3363: UNU Global Environmental Forum (4th : 1995 : Osada, Japan), Population, land management, and environmental change :, 1996.
